000
00321 a2200145 4500
001
155067
040
_c
Escola São Tomás de Aquino
100
_a
MARK, Jan
240
1
0
_a
Too old rock and roll
_l
por
245
1
0
_a
Too old rock and roll
300
_a
44
362
0
_a
1994
697
_a
Língua inglesa
942
_c
BK
999
_c
155067
_d
155067